The practice of market and social research : An introduction
| Main Author: | |
|---|---|
| Format: | Book |
| Published: |
Harlow :
Pearson Education Ltd ,
2003
|
| Subjects: |
MARC
| LEADER | 00000cam a2200000 7i4500 | ||
|---|---|---|---|
| 001 | 0000012596 | ||
| 005 | 20050419.0 | ||
| 020 | |a 02736506X | ||
| 040 | |a INS | ||
| 090 | 0 | 0 | |a HF5415.2. |b M3827 2002 |
| 100 | 1 | |a McGivern, Yvonne | |
| 245 | 1 | 0 | |a The practice of market and social research : |b An introduction |c Yvonne McGivern |
| 260 | |a Harlow : |b Pearson Education Ltd , |c 2003 | ||
| 300 | |a xx : |b 390p ; |c 24cm. | ||
| 650 | 0 | 0 | |a Marketing research-Methodology |x Social sciences-Research-Methodology |
| 999 | |a 0000013375 |b BOOK |c Open Shelf |e Default branch | ||